000 00558cam a22001217a 4500
008 180718b1970 xxu||||| |||| 00| 0 eng d
082 _aPx54 N213 70
245 _aNational conference on action programmes for reducing wastage and stagnation at the primary level (january 27 to 31, 1970)
_cby Department Of Pre-Primary And Primary Education
260 _aNew Delhi
_bNational Council Of Educational Research And Training
_c1970
300 _aiv, 66p
650 _aEducation, Compulsory --India.
700 _aIndia. Department Of Pre-Primary And Primary Education
999 _c413713
_d413713